Normal view
MARC view
- Stern, Arno,
Entry Nombre Personal
001 - NUMERO DE CONTROL
- campo de control: 30856
003 - IDENTIFICADOR DE NUMERO DE CONTROL
- campo de control: UPN
005 - FECHA Y HORA DE LA ÜLTIMA TRANSACCIÓN
- campo de control: 20210219194417.0
008 - DATOS DE LONGITUD FIJA
- campo de control de longitud fija: nabaccnnaabn|||||||||| b |nc|||||d
035 ## - NUMERO DE CONTROL
- Número de control: UPN11000002962
040 ## - FUENTE DE CATALOGACIÓN
- Lenguaje de catalogación: SPA
- Agencia de transcripción: UPN
100 1# - ENCABEZAMIENTO - NOMBRE PERSONAL
- Nombre personal: Stern, Arno,
- Fechas asociadas con el nombre: 1924-
670 ## - FUENTE EN LA QUE SE LOCALIZARON DATOS
- Cita de la fuente: T
- Uniform Resource Identifier: http://educaciondemocratica.wordpress.com/2010/01/27/la-extraordinaria-historia-de-arno-stern-del-descubrimiento-de-la-formulacion-a-la-semiologia-de-la-expresion/
902 ## - CATALOGADOR
- Catalogador: CAA/040311
